• 首页
  • 本馆介绍
  • 公告通知
  • 最新文献
  • 馆藏检索
  • 电子资源
  • 读者导购
  • 参考咨询
  • 我的图书馆
  • 登录
  • 详细信息显示
  • 放入我的书架
  • 预约/预借图书
  • 作者相关作品
  • 分类相关作品
  • 丛书相关作品
  • 出版社相关作品

书目信息

  • 表格格式
  • 工作单格式
  • 卡片格式
题名:
明代书画鉴定与艺术市场
    
 
作者: 徐建融 著
分册:  
出版信息: 上海   上海书店出版社  1997.10
页数: 262页
开本: 24cm
丛书名:
单 册:
中图分类: J124
科图分类:
主题词: 艺术--中国 , 中国艺术节
电子资源:
ISBN: 7-80622-232-4
000 00532nam0 2200205 45
001 0003071495
005 20040513095103.0
010    @a7-80622-232-4@dCNY50.00
100    @a20000307d1997 km y0chiy0120 ea
101    @achi
105    @a z 000yy
200 1  @a明代书画鉴定与艺术市场@f徐建融著
210    @a上海@c上海书店出版社@d1997.10
215    @a262页@c附图(85幅)@d24cm
606 0  @a艺术@y中国
606 0  @a中国艺术节
690    @aJ124@v1
701    @a徐建融@4著
801    @aCN@bTSTC@c20000307
905    @dJ124@e28@f1@b285651
    
    明代书画鉴定与艺术市场/徐建融著.-上海:上海书店出版社,1997.10
    262页:附图(85幅);24cm
    
    
    ISBN 7-80622-232-4:CNY50.00
    
●
相关链接 在E读中查询图书 在五车中查询图书 在当当中查询图书 在豆瓣中查询图书


正题名:明代书画鉴定与艺术市场     索取号:J124/28         预约/预借

序号 登录号 条形码 馆藏地/架位号 状态 备注
1 0285651   002856519   第一借阅区/ [索取号:J124/28] 在馆    
2 0285652   002856528   第一样本阅览室/ [索取号:J124/28] 在馆    
唐山师范学院图书馆 欢迎您!
大连网信软件有限公司© 版权所有